Avoiding Part II of the Landlord and Tenant Act 1954 (Record no. 10537)
[ view plain ]
| 000 -LEADER | |
|---|---|
| fixed length control field | 01205cab a2200229 4500 |
| 001 - CONTROL NUMBER | |
| control field | ABS55370 |
| 008 - FIXED-LENGTH DATA ELEMENTS--GENERAL INFORMATION | |
| fixed length control field | 090401t1996 xxu||||| |||| 00| 0 eng d |
| 035 ## - SYSTEM CONTROL NUMBER | |
| System control number | (Sirsi) u16021 |
| 041 ## - LANGUAGE CODE | |
| Language code of text/sound track or separate title | eng |
| 100 ## - MAIN ENTRY--PERSONAL NAME | |
| Personal name | Smith, R.E. |
| 245 ## - TITLE STATEMENT | |
| Title | Avoiding Part II of the Landlord and Tenant Act 1954 |
| 260 ## - PUBLICATION, DISTRIBUTION, ETC. | |
| Date of publication, distribution, etc. | 1996 |
| 350 ## - PRICE (NR) (BK AM CF MU VM SE) [OBSOLETE] | |
| Price | 0 |
| 490 ## - SERIES STATEMENT | |
| Series statement | Property Management |
| Volume/sequential designation | 14(2) 1996, 29-34(6) |
| 520 ## - SUMMARY, ETC. | |
| Summary, etc. | Examines the various options for avoidance, the provisions of the Act, the relevant case law, and the traps which may beset landlords hoping to avoid the Act. Also describes how parties may inadvertently fall within the Act and how this can be avoided. Recommends appropriate means of avoidance according to circumstances, and indicates what avoidance devices are not safe to use. Aims to assist landlords and their agents who wish to grant commercial occupation rights outside the Act, and to tenants and their agents who wish to know the effect of the various avoidance measures. |
| 650 ## - SUBJECT ADDED ENTRY--TOPICAL TERM | |
| Topical term or geographic name entry element | BUSINESS TENANCIES |
| 650 ## - SUBJECT ADDED ENTRY--TOPICAL TERM | |
| Topical term or geographic name entry element | LANDLORD AND TENANT ACT 1954 PART II |
| 650 ## - SUBJECT ADDED ENTRY--TOPICAL TERM | |
| Topical term or geographic name entry element | LANDLORD AND TENANT ACT 1954 |
| 690 ## - LOCAL SUBJECT ADDED ENTRY--TOPICAL TERM (OCLC, RLIN) | |
| Topical term or geographic name as entry element | LANDLORD AND TENANT-BUSINESS TENANCIES |
| 942 ## - ADDED ENTRY ELEMENTS (KOHA) | |
| Suppress in OPAC | 0 |
| 948 ## - LOCAL PROCESSING INFORMATION (OCLC); SERIES PART DESIGNATOR (RLIN) | |
| c (OCLC) | 04/03/1997 |
| Withdrawn status | Lost status | Source of classification or shelving scheme | Damaged status | Not for loan | Home library | Current library | Shelving location | Date acquired | Total Checkouts | Full call number | Barcode | Date last seen | Copy number | Price effective from | Koha item type |
|---|---|---|---|---|---|---|---|---|---|---|---|---|---|---|---|
| Dewey Decimal Classification | London | London | Journal article | 14/09/1999 | ABS55370 | 16021-1001 | 06/08/2019 | 1 | 06/08/2019 | Journal article |